|
|
|
|
| LEADER |
01564nam a2200409 a 4500 |
| 001 |
EBC3306400 |
| 003 |
MiAaPQ |
| 005 |
20200520144314.0 |
| 006 |
m o d | |
| 007 |
cr cn||||||||| |
| 008 |
060123s2002 nyu sb 001 0 eng |
| 010 |
|
|
|z 2006272185
|
| 020 |
|
|
|z 0738423211 (pbk.)
|
| 035 |
|
|
|a (MiAaPQ)EBC3306400
|
| 035 |
|
|
|a (Au-PeEL)EBL3306400
|
| 035 |
|
|
|a (CaPaEBR)ebr10112262
|
| 035 |
|
|
|a (OCoLC)560311996
|
| 040 |
|
|
|a MiAaPQ
|c MiAaPQ
|d MiAaPQ
|
| 050 |
|
4 |
|a HG1709
|b .K37 2002
|
| 100 |
1 |
|
|a Karras, Vasilis.
|
| 245 |
1 |
0 |
|a S1 Consumer Suite for z/OS installation guide
|h [electronic resource] /
|c [Vasilis Karras, Hoson Rim].
|
| 250 |
|
|
|a 1st ed.
|
| 260 |
|
|
|a Poughkeepsie, NY :
|b IBM, International Technical Support Organization,
|c 2002.
|
| 300 |
|
|
|a x, 112 p.
|
| 490 |
1 |
|
|a IBM redbooks
|
| 500 |
|
|
|a "SG24-6288-00."
|
| 504 |
|
|
|a Includes bibliographical references and index.
|
| 533 |
|
|
|a Electronic reproduction. Ann Arbor, MI : ProQuest, 2015. Available via World Wide Web. Access may be limited to ProQuest affiliated libraries.
|
| 650 |
|
0 |
|a Banks and banking
|x Data processing.
|
| 650 |
|
0 |
|a Financial institutions
|x Data processing.
|
| 650 |
|
0 |
|a Banks and banking
|x Customer services.
|
| 655 |
|
4 |
|a Electronic books.
|
| 700 |
1 |
|
|a Rim, Hoson.
|
| 710 |
2 |
|
|a International Business Machines Corporation.
|b International Technical Support Organization.
|
| 710 |
2 |
|
|a ProQuest (Firm)
|
| 830 |
|
0 |
|a IBM redbooks.
|
| 856 |
4 |
0 |
|u https://ebookcentral.proquest.com/lib/matrademy/detail.action?docID=3306400
|z Click to View
|